Morfologické zmeny Trichoderma atroviride počas kultivácie na rôznych zdrojov dusíka bakalárska práca

Gespeichert in:
Bibliographische Detailangaben
1. Verfasser: Ogurčák, Ľubomír
Format: Buch
Sprache:Slowakisch
Veröffentlicht: Bratislava STU FCHPT 2013
Online-Zugang:Im OPAC anzeigen
Tags: Tag hinzufügen
Keine Tags, Fügen Sie das erste Tag hinzu!

MARC

LEADER 00000nam a2200000 a 4500
005 20260127133951.0
008 130919 2013 000 0 slo d
035 |a vtls010544628 
039 9 |a 201309190902  |b mschk03  |y 201309190859  |z mschk03 
040 |a STUSCHK1  |b slo  |c STUSCHK1  |e AACR2 
100 1 |a Ogurčák, Ľubomír 
245 1 |a Morfologické zmeny Trichoderma atroviride počas kultivácie na rôznych zdrojov dusíka  |b bakalárska práca  |c Ľubomír Ogurčák 
260 |a Bratislava  |b STU FCHPT  |c 2013 
300 |a 39 s.  |b il.  |c 30 cm 
500 |a Obhájené: 10.07.2013 
500 |a Štud. program: Chémia, medicínska chémia a chemické technológie 
500 |a Štud. odbor: Chémia, chemické technológie 
500 |a Škol. pracovisko: Odd. biochémie a mikrobiológie 
910 |a SCHK95 
999 |c 1095  |d 1095